|
|
|
|
| LEADER |
01443nam a2200277 a 4500 |
| 001 |
13423875 |
| 008 |
100621s2005 maua b 001 0 eng d |
| 010 |
|
|
|a \\2003026394
|
| 020 |
|
|
|a 0072853182 (alk. paper)
|
| 020 |
|
|
|a 0071240837
|
| 040 |
|
|
|a DLC
|c DLC
|d DLC
|d BD-DhAAL
|
| 082 |
0 |
0 |
|a 005.1
|2 22
|
| 100 |
1 |
|
|a Pressman, Roger S.
|
| 245 |
1 |
0 |
|a Software engineering :
|b a practitioner's approach /
|c Roger S. Pressman.
|
| 260 |
|
|
|a Boston, Mass. :
|b McGraw-Hill,
|c c2005.
|
| 250 |
|
|
|a 6th ed.
|
| 300 |
|
|
|a 912 p. :
|b ill. ;
|c 24 cm.
|
| 504 |
|
|
|a Includes bibliographical references and index.
|
| 541 |
1 |
|
|e 00015489
|
| 650 |
|
0 |
|a Software engineering.
|
| 852 |
4 |
|
|a Ayesha Abed Library
|j General Shelf
|
| 999 |
|
|
|c 9040
|d 9040
|
| 952 |
|
|
|0 0
|1 0
|2 ddc
|4 0
|6 005_100000000000000_PRE_2005
|7 0
|9 11163
|a BRACUL
|b BRACUL
|c GEN
|d 2010-06-22
|l 9
|m 80
|o 005.1 PRE
|p 3010015489
|q 2026-04-20
|r 2026-04-13
|s 2026-04-13
|t 1
|w 2010-06-22
|y BK
|
| 952 |
|
|
|0 0
|1 0
|2 ddc
|4 0
|6 005_100000000000000_PRE_2005
|7 0
|9 11764
|a BRACUL
|b BRACUL
|c GEN
|d 2010-08-25
|l 9
|m 70
|o 005.1 PRE
|p 3010015488
|r 2023-03-22
|s 2022-03-31
|t 2
|w 2010-08-25
|y BK
|
| 952 |
|
|
|0 0
|1 0
|2 ddc
|4 0
|6 005_100000000000000_PRE_2005
|7 0
|9 13376
|a BRACUL
|b BRACUL
|c GEN
|d 2010-12-02
|l 11
|m 74
|o 005.1 PRE
|p 3010015486
|r 2025-11-15
|s 2025-11-06
|t 3
|w 2010-12-02
|y BK
|
| 952 |
|
|
|0 0
|1 0
|2 ddc
|4 0
|6 005_100000000000000_PRE_2005
|7 0
|9 13570
|a BRACUL
|b BRACUL
|c GEN
|d 2010-12-09
|e Karim International
|l 11
|m 91
|o 005.1 PRE
|p 3010015490
|r 2025-10-09
|s 2025-06-19
|t 4
|w 2010-12-09
|y BK
|